<?xml version="1.0" encoding="UTF-8"?>
<record
    xmlns:xsi="http://www.w3.org/2001/XMLSchema-instance"
    xsi:schemaLocation="http://www.loc.gov/MARC21/slim http://www.loc.gov/standards/marcxml/schema/MARC21slim.xsd"
    xmlns="http://www.loc.gov/MARC21/slim">

  <leader>00608nam a22001337a 4500</leader>
  <datafield tag="040" ind1=" " ind2=" ">
    <subfield code="c">RUA</subfield>
  </datafield>
  <datafield tag="082" ind1=" " ind2=" ">
    <subfield code="a">AVM  ROM 2018 B658 Or.1</subfield>
  </datafield>
  <datafield tag="100" ind1=" " ind2=" ">
    <subfield code="a">RON MAB &#x179A;&#x17BB;&#x1793;&#x200B;&#x200B; &#x1798;&#x17C9;&#x17B6;&#x1794;&#x17CB;</subfield>
  </datafield>
  <datafield tag="245" ind1=" " ind2=" ">
    <subfield code="a">presence bacteria on chickens meat in orsey market at phnom penh  &#x179C;&#x1782;&#x17D2;&#x1782;&#x1798;&#x17B6;&#x1793;&#x1794;&#x17B6;&#x1780;&#x17CB;&#x178F;&#x17C1;&#x179A;&#x17C9;&#x17B8;&#x1780;&#x17D2;&#x1793;&#x17BB;&#x1784;&#x179F;&#x17B6;&#x1785;&#x17CB;&#x1798;&#x17B6;&#x1793;&#x17CB;&#x1793;&#x17C5;&#x1795;&#x17D2;&#x179F;&#x17B6;&#x179A;&#x17A2;&#x17BC;&#x17AC;&#x179F;&#x17D2;&#x179F;&#x17B8;&#x179A;&#x17B6;&#x1787;&#x1792;&#x17B6;&#x1793;&#x17B8;&#x1797;&#x17D2;&#x1793;&#x17C6;</subfield>
  </datafield>
  <datafield tag="260" ind1=" " ind2=" ">
    <subfield code="a">RUA</subfield>
    <subfield code="b">PHNOM PENH</subfield>
    <subfield code="c">2018</subfield>
  </datafield>
  <datafield tag="300" ind1=" " ind2=" ">
    <subfield code="a">X.36P </subfield>
    <subfield code="b">ill,</subfield>
    <subfield code="c">29cm</subfield>
  </datafield>
  <datafield tag="856" ind1=" " ind2=" ">
    <subfield code="u">https://drive.google.com/file/d/1XdzPIyZkB3PoSygrGS0mA9hXbZmleIae/view?usp=sharing</subfield>
  </datafield>
  <datafield tag="942" ind1=" " ind2=" ">
    <subfield code="c">AVM</subfield>
  </datafield>
  <datafield tag="999" ind1=" " ind2=" ">
    <subfield code="c">18903</subfield>
    <subfield code="d">18903</subfield>
  </datafield>
  <datafield tag="952" ind1=" " ind2=" ">
    <subfield code="0">0</subfield>
    <subfield code="1">0</subfield>
    <subfield code="2">ddc</subfield>
    <subfield code="4">0</subfield>
    <subfield code="6">AVM_RON_2018_000000000000000_B658_OR_1</subfield>
    <subfield code="7">0</subfield>
    <subfield code="9">83591</subfield>
    <subfield code="a">LBB</subfield>
    <subfield code="b">LBB</subfield>
    <subfield code="c">B658</subfield>
    <subfield code="d">2020-02-10</subfield>
    <subfield code="l">3</subfield>
    <subfield code="o">AVM  RON 2018 B658 Or.1</subfield>
    <subfield code="p">A063728</subfield>
    <subfield code="r">2020-07-22</subfield>
    <subfield code="s">2020-07-06</subfield>
    <subfield code="w">2020-02-10</subfield>
    <subfield code="y">AVM</subfield>
  </datafield>
  <datafield tag="952" ind1=" " ind2=" ">
    <subfield code="0">0</subfield>
    <subfield code="1">0</subfield>
    <subfield code="2">ddc</subfield>
    <subfield code="4">0</subfield>
    <subfield code="6">AVM_RON_2018_000000000000000_B658_OR_2</subfield>
    <subfield code="7">0</subfield>
    <subfield code="9">83592</subfield>
    <subfield code="a">LBB</subfield>
    <subfield code="b">LBB</subfield>
    <subfield code="c">B658</subfield>
    <subfield code="d">2020-02-10</subfield>
    <subfield code="l">2</subfield>
    <subfield code="o">AVM  RON 2018 B658 Or.2</subfield>
    <subfield code="p">A063792</subfield>
    <subfield code="r">2025-12-18</subfield>
    <subfield code="s">2025-12-08</subfield>
    <subfield code="w">2020-02-10</subfield>
    <subfield code="y">AVM</subfield>
  </datafield>
  <datafield tag="952" ind1=" " ind2=" ">
    <subfield code="0">0</subfield>
    <subfield code="1">0</subfield>
    <subfield code="2">ddc</subfield>
    <subfield code="4">0</subfield>
    <subfield code="6">AVM_RON_2018_000000000000000_B658_OR_3</subfield>
    <subfield code="7">0</subfield>
    <subfield code="9">83593</subfield>
    <subfield code="a">LBB</subfield>
    <subfield code="b">LBB</subfield>
    <subfield code="c">B658</subfield>
    <subfield code="d">2020-02-10</subfield>
    <subfield code="l">4</subfield>
    <subfield code="o">AVM  RON 2018 B658 Or.3</subfield>
    <subfield code="p">A063714</subfield>
    <subfield code="r">2022-07-22</subfield>
    <subfield code="s">2022-06-27</subfield>
    <subfield code="w">2020-02-10</subfield>
    <subfield code="y">AVM</subfield>
  </datafield>
  <datafield tag="952" ind1=" " ind2=" ">
    <subfield code="0">0</subfield>
    <subfield code="1">0</subfield>
    <subfield code="2">ddc</subfield>
    <subfield code="4">0</subfield>
    <subfield code="6">AVM_RON_2018_000000000000000_B658_OR_4</subfield>
    <subfield code="7">0</subfield>
    <subfield code="9">83594</subfield>
    <subfield code="a">LBB</subfield>
    <subfield code="b">LBB</subfield>
    <subfield code="c">B658</subfield>
    <subfield code="d">2020-02-10</subfield>
    <subfield code="l">8</subfield>
    <subfield code="o">AVM  RON 2018 B658 Or.4</subfield>
    <subfield code="p">A063620</subfield>
    <subfield code="r">2024-12-28</subfield>
    <subfield code="s">2024-11-26</subfield>
    <subfield code="w">2020-02-10</subfield>
    <subfield code="y">AVM</subfield>
  </datafield>
  <datafield tag="952" ind1=" " ind2=" ">
    <subfield code="0">0</subfield>
    <subfield code="1">0</subfield>
    <subfield code="2">ddc</subfield>
    <subfield code="4">0</subfield>
    <subfield code="6">AVM_RON_2018_000000000000000_B658_OR_5</subfield>
    <subfield code="7">0</subfield>
    <subfield code="9">83595</subfield>
    <subfield code="a">LBB</subfield>
    <subfield code="b">LBB</subfield>
    <subfield code="c">B658</subfield>
    <subfield code="d">2020-02-10</subfield>
    <subfield code="l">1</subfield>
    <subfield code="o">AVM  RON 2018 B658 Or.5</subfield>
    <subfield code="p">A063726</subfield>
    <subfield code="r">2020-08-03</subfield>
    <subfield code="s">2020-07-31</subfield>
    <subfield code="w">2020-02-10</subfield>
    <subfield code="y">AVM</subfield>
  </datafield>
  <datafield tag="952" ind1=" " ind2=" ">
    <subfield code="0">0</subfield>
    <subfield code="1">0</subfield>
    <subfield code="2">ddc</subfield>
    <subfield code="4">0</subfield>
    <subfield code="6">AVM_RON_2018_000000000000000_B658_OR_6</subfield>
    <subfield code="7">0</subfield>
    <subfield code="9">83596</subfield>
    <subfield code="a">LBB</subfield>
    <subfield code="b">LBB</subfield>
    <subfield code="c">B658</subfield>
    <subfield code="d">2020-02-10</subfield>
    <subfield code="o">AVM  RON 2018 B658 Or.6</subfield>
    <subfield code="p">A063570</subfield>
    <subfield code="r">2020-02-10</subfield>
    <subfield code="w">2020-02-10</subfield>
    <subfield code="y">AVM</subfield>
  </datafield>
</record>
